000 00937nmc a2200301 a 4500
003 AR-BaBNM
005 20251128211604.0
008 154120s2001 ||||||||||||||000 | spa||
020 _a968-853-482-X
040 _cAR-BaBNM
100 1 _aUttech, Melanie
245 1 0 _aImaginar, facilitar, transformar
_buna pedagogía para el salón multigrado y la escuela rural
260 _aMéxico, D.F.
_bPaidós
_c2001
300 _a195 p.
490 0 _aMaestros y enseñanza
_vv. 9
504 _aContiene referencias bibliográficas en p. 193-195
650 4 _aEDUCACION RURAL
650 4 _aESCUELAS DE MAESTRO UNICO
650 4 _aTEORIAS DEL APRENDIZAJE
650 4 _aPSICOLOGIA DE LA EDUCACION
650 4 _aACTIVIDADES DE LA CLASE
653 _aESTRATEGIAS DIDACTICAS
653 _aCONTENIDOS CURRICULARES
800 1 _aAlvarez Manilla, Laura
800 1 _aBertely Busquets, María
942 _cBK
998 _cme-solo cat
999 _c20327
_d20327